Behinderten im Tourismus
| Main Author: | |
|---|---|
| Other Authors: | |
| Format: | Thesis |
| Kulcsszavak: | Behinderten Rechtsgleichheit Disabled tourism Behinderten als touristische Zielgruppe |
| Online Access: | http://dolgozattar.uni-bge.hu/3899 |
MARC
| LEADER | 00000nta a2200000 i 4500 | ||
|---|---|---|---|
| 001 | dolg3899 | ||
| 005 | 20180227142801.0 | ||
| 008 | 151202suuuu hu om 000 ger d | ||
| 040 | |a BGE Dolgozattár Repozitórium |b hun | ||
| 041 | |a de | ||
| 100 | 1 | |a Bali Zita | |
| 245 | 1 | 0 | |a Behinderten im Tourismus |c Bali Zita |h [elektronikus dokumentum] |
| 246 | 1 | 1 | |a Fogyatékosok a turizmusban |
| 246 | 1 | 1 | |a Tourism of disabled people |
| 695 | |a Behinderten | ||
| 695 | |a Rechtsgleichheit | ||
| 695 | |a Disabled tourism | ||
| 695 | |a Behinderten als touristische Zielgruppe | ||
| 700 | 1 | |a Horváth Dr. Péter |e ths | |
| 856 | 4 | 0 | |u http://dolgozattar.uni-bge.hu/3899/1/Behinderten%20im%20Tourismus.pdf |z Dokumentum-elérés |